INTRODUCTION TO COMPUTERS AND DATA PROCESSING (Record no. 183515)

MARC details
000 -LEADER
fixed length control field 00560nam a2200193Ia 4500
003 - CONTROL NUMBER IDENTIFIER
control field OSt
005 - DATE AND TIME OF LATEST TRANSACTION
control field 20250714114252.0
020 ## - INTERNATIONAL STANDARD BOOK NUMBER
International Standard Book Number 0-88236-115-5
040 ## - CATALOGING SOURCE
Transcribing agency LC
050 ## - LIBRARY OF CONGRESS CALL NUMBER
Classification number QA 76.54 .S 54 1980
Item number 3
100 ## - MAIN ENTRY--PERSONAL NAME
Personal name SHELLY, GARY B
245 #0 - TITLE STATEMENT
Title INTRODUCTION TO COMPUTERS AND DATA PROCESSING
260 ## - PUBLICATION, DISTRIBUTION, ETC.
Place of publication, distribution, etc. SATURN ST BREA,
Name of publisher, distributor, etc. ANAHEIM PUBLISHING COMPANY,
Date of publication, distribution, etc. 1980,
300 ## - PHYSICAL DESCRIPTION
Extent XVi, 474 P,ILL
500 ## - GENERAL NOTE
General note INCLUDES INDEX
650 ## - SUBJECT ADDED ENTRY--TOPICAL TERM
Topical term or geographic name entry element Computers, Electronic data processing, Electronic digital computers
700 ## - ADDED ENTRY--PERSONAL NAME
Personal name CASHMAN THOMAS J,
942 ## - ADDED ENTRY ELEMENTS (KOHA)
Koha item type Long Loan Book
Source of classification or shelving scheme Library of Congress Classification
Suppress in OPAC No
Holdings
Withdrawn status Lost status Source of classification or shelving scheme Damaged status Not for loan Collection Home library Current library Shelving location Date acquired Inventory number Total checkouts Barcode Date last seen Copy number Price effective from Koha item type
    Library of Congress Classification     Science & Technology Kisii University Library Kisii University Library On Display 09/15/2023 59015   000000023668 12/16/2025 3 09/15/2023 Long Loan Book